Music Quiz

Random Music or Lyrics Quiz

Famous Songs' First Words II Quiz Stats

 Plays Quiz Updated Dec 14, 2014

Challenge
Share
Tweet
Embed
Score 0/36 Timer 08:00
3 Plays Today
% Correct
I'm
77.4%
Buddy
72.7%
I
66.5%
Hello
65.2%
When
64.2%
Wise
59.3%
Take
59.1%
Start
53.3%
At
50.2%
She
48.5%
They
46.7%
There's
46.7%
Today
46%
How
44.2%
It's
43.8%
Life
39.1%
Every
38.2%
Love
37.7%
% Correct
Trailers
37.1%
Sometimes
36.4%
Billy
35.6%
A
34.8%
Loving
34.7%
Once
34.5%
No
32.9%
Look
32.6%
Well
31.2%
Tonight
31%
Tumble
28.3%
What
25.9%
Holly
24.7%
On
23%
Is
21.9%
Here
16.8%
Dirty
15.7%
Old
15.1%

You're not logged in!

Compare scores with friends on all Sporcle quizzes.
OR
Log In

You Might Also Like...

Show Comments

Extras

Top Quizzes Today


Score Distribution

Your Account Isn't Verified!

In order to create a playlist on Sporcle, you need to verify the email address you used during registration. Go to your Sporcle Settings to finish the process.

Report this User

Report this user for behavior that violates our Community Guidelines.

Details: